000 00220nam a2200097Ia 4500
008 230508s1994 xx 000 0 und d
041 _aeng
100 _aHEARN D/BAKER M.P.
245 _aCOMPUTER GRAPHICS
260 _c1994
999 _c317408
_d317408